[Event "Sharjah Blitz op 27th"]
[Site "Sharjah"]
[Date "2022.04.08"]
[Round "3"]
[White "Abdulla, Ali"]
[Black "Rowe, Duane"]
[Result "0-1"]
[WhiteElo "1814"]
[BlackElo "2030"]
[PlyCount "58"]
[EventDate "2022.04.08"]
[EventType "swiss (blitz)"]
[EventRounds "9"]
[EventCountry "UAE"]
[SourceTitle "CBM 207 Extra"]
[Source "ChessBase"]
[SourceDate "2022.05.31"]
[SourceVersion "1"]
[SourceVersionDate "2022.05.31"]
[SourceQuality "1"]

1. d4 Nf6 2. Nc3 c5 3. d5 g6 4. e4 d6 5. h3 Bg7 6. Nf3 0-0 7. Be2 Nbd7 8. Nd2 Ne8 9. a4 Nc7 10. 0-0 b6 11. Nc4 Ba6 12. Bg5 Bxc4 13. Bxc4 h6 14. Bf4 Ne5 15. Bxe5 dxe5 16. Qe2 Ne8 17. Rad1 Nd6 18. Nb5 Qc8 19. c3 a6 20. Nxd6 exd6 21. Rfe1 f5 22. exf5 gxf5 23. Qh5 Ra7 24. f4 e4 25. Re3 Qe8 26. Qxe8 Rxe8 27. Rg3 Kf7 28. Kf2 Bf6 29. Ke3 Bh4 0-1

[Event "Al Ain op 3rd"]
[Site "Al Ain"]
[Date "2014.12.21"]
[Round "4"]
[White "Mirzoeva, Elmira"]
[Black "Abdulla, Ali"]
[Result "1-0"]
[WhiteElo "2246"]
[BlackElo "1747"]
[PlyCount "88"]
[EventDate "2014.12.19"]
[EventType "swiss"]
[EventRounds "9"]
[EventCountry "UAE"]
[SourceTitle "CBM 164 Extra"]
[Source "ChessBase"]
[SourceDate "2015.03.02"]
[SourceVersion "1"]
[SourceVersionDate "2015.03.02"]
[SourceQuality "1"]

1. d4 d5 2. c4 e6 3. Nc3 Nf6 4. cxd5 exd5 5. Bg5 c6 6. e3 Be7 7. Qc2 Nbd7 8. Bd3 Nh5 9. Bxe7 Qxe7 10. 0-0-0 g6 11. Nf3 Nb6 12. h3 Be6 13. Kb1 0-0-0 14. Rc1 Kb8 15. Na4 Ng7 16. g4 Nxa4 17. Qxa4 Rc8 18. Rc3 f6 19. Ra3 b6 20. Rc1 h5 21. Nh4 Bf7 22. Nxg6 Bxg6 23. Bxg6 hxg4 24. hxg4 f5 25. gxf5 Qe4+ 26. Qc2 Qxc2+ 27. Rxc2 Rh1+ 28. Rc1 Rxc1+ 29. Kxc1 Rf8 30. Kd2 Nxf5 31. Ke2 Nd6 32. Rc3 Kb7 33. Rc1 Rf6 34. Rg1 c5 35. dxc5 bxc5 36. Bc2 c4 37. Rg6 Rxg6 38. Bxg6 Kb6 39. Kf3 Kc5 40. Kf4 a5 41. Bc2 Nb5 42. a4 c3 43. bxc3 Nxc3 44. Ke5 Ne4 1-0

[Event "Al Ain op 3rd"]
[Site "Al Ain"]
[Date "2014.12.20"]
[Round "3"]
[White "Abdulla, Ali"]
[Black "Al Shamisi, Hareb Nasser"]
[Result "1-0"]
[WhiteElo "1747"]
[BlackElo "1389"]
[PlyCount "53"]
[EventDate "2014.12.19"]
[EventType "swiss"]
[EventRounds "9"]
[EventCountry "UAE"]
[SourceTitle "CBM 164 Extra"]
[Source "ChessBase"]
[SourceDate "2015.03.02"]
[SourceVersion "1"]
[SourceVersionDate "2015.03.02"]
[SourceQuality "1"]

1. d4 Nf6 2. c4 e6 3. g3 d5 4. Nf3 b6 5. Bg2 Bb7 6. 0-0 Be7 7. b3 0-0 8. Bb2 Nbd7 9. Nbd2 c5 10. e3 a6 11. Qe2 b5 12. Rfd1 Re8 13. Rac1 Rc8 14. cxb5 axb5 15. Qxb5 Rb8 16. dxc5 Bc8 17. Qe2 Nxc5 18. Ne5 Ba6 19. Qf3 Rc8 20. e4 d4 21. Ndc4 Bxc4 22. Rxc4 Ncxe4 23. Rcxd4 Qa5 24. Rxe4 Nxe4 25. Qxf7+ Kh8 26. Ng6+ hxg6 27. Qxg7# 1-0

[Event "Sharjah op rapid"]
[Site "Sharjah"]
[Date "2014.07.05"]
[Round "2"]
[White "Elgabry, Mohsen"]
[Black "Abdulla, Ali"]
[Result "1-0"]
[WhiteElo "2354"]
[BlackElo "1699"]
[PlyCount "91"]
[EventDate "2014.07.05"]
[EventType "swiss (rapid)"]
[EventRounds "9"]
[EventCountry "UAE"]
[SourceTitle "CBM 161 Extra"]
[Source "ChessBase"]
[SourceDate "2014.08.29"]
[SourceVersion "1"]
[SourceVersionDate "2014.08.29"]
[SourceQuality "1"]

1. Nf3 d5 2. g3 Nf6 3. Bg2 Bg4 4. 0-0 e6 5. d4 Nbd7 6. c4 c6 7. Nc3 Be7 8. a4 0-0 9. cxd5 cxd5 10. h3 Bf5 11. a5 Rc8 12. Qb3 b6 13. axb6 Qxb6 14. Qxb6 axb6 15. Bg5 h6 16. Be3 Bb4 17. Rfc1 Bxc3 18. bxc3 Ne4 19. Ra3 b5 20. Rb3 b4 21. cxb4 Nb6 22. Rc5 Nc4 23. g4 Bh7 24. Rxc8 Rxc8 25. b5 Nxe3 26. fxe3 f6 27. b6 Kf7 28. Ne1 Nd2 29. Rb4 Nc4 30. e4 Rb8 31. exd5 Nxb6 32. dxe6+ Kxe6 33. e4 Nd7 34. Rxb8 Nxb8 35. Kf2 Na6 36. Nd3 Kd6 37. Ke3 Nc7 38. Bf3 Ne6 39. h4 Nf8 40. Bd1 Ng6 41. h5 Nf8 42. Bb3 Nd7 43. Kf4 g6 44. Bf7 g5+ 45. Ke3 Ke7 46. Bb3 1-0

[Event "World ol U16 10th"]
[Site "Kocaeli"]
[Date "2011.10.31"]
[Round "10.17"]
[White "Holland, James P"]
[Black "Abdulla, Ali"]
[Result "1-0"]
[WhiteElo "2204"]
[BlackElo "1701"]
[PlyCount "67"]
[EventDate "2011.10.24"]
[EventType "team-swiss"]
[EventRounds "10"]
[EventCountry "TUR"]
[SourceTitle "EXT 2012"]
[Source "ChessBase"]
[SourceDate "2011.11.24"]
[SourceVersion "1"]
[SourceVersionDate "2011.11.24"]
[SourceQuality "1"]
[WhiteTeam "England"]
[BlackTeam "United Arab Emirates II"]
[WhiteTeamCountry "ENG"]
[BlackTeamCountry "UAE"]

1. e4 e6 2. d4 d5 3. Nd2 dxe4 4. Nxe4 Nd7 5. Nf3 Ngf6 6. Bd3 c5 7. Nxf6+ Nxf6 8. dxc5 Bxc5 9. Bg5 0-0 10. Qe2 h6 11. Bh4 Qe7 12. Ne5 Qc7 13. Bxf6 gxf6 14. Qg4+ Kh8 15. Nf3 Rd8 16. Qh4 Kg7 17. 0-0-0 b6 18. Qg4+ Kf8 19. Qh4 Kg7 20. Rhe1 Bb7 21. Qg4+ Kf8 22. Qh4 Kg7 23. Kb1 Rd5 24. Qg4+ Kf8 25. Qh4 Kg7 26. Qe4 f5 27. Qc4 Rad8 28. Qc3+ Kg8 29. Qf6 Bf8 30. Rc1 Bg7 31. Qh4 Ra5 32. Nd2 Re5 33. Rxe5 Qxe5 34. Qxd8+ 1-0

[Event "Arab Clubs-chT 11th"]
[Site "Tunis"]
[Date "2009.12.14"]
[Round "3"]
[White "Abdulla, Ali"]
[Black "Humrana, Mostafa"]
[Result "1/2-1/2"]
[WhiteElo "1654"]
[BlackElo "2109"]
[PlyCount "59"]
[EventDate "2009.12.12"]
[EventType "team-swiss"]
[EventRounds "9"]
[EventCountry "TUN"]
[SourceTitle "EXT 2020"]
[Source "ChessBase"]
[SourceDate "2019.10.17"]
[SourceVersion "1"]
[SourceVersionDate "2019.10.17"]
[SourceQuality "1"]
[WhiteTeam "Dubai"]
[BlackTeam "Al Dhahra Tripoli"]
[WhiteTeamCountry "UAE"]
[BlackTeamCountry "LBY"]

1. d4 d5 2. c4 e6 3. Nc3 Nf6 4. cxd5 exd5 5. Bg5 Be7 6. e3 0-0 7. Qc2 c6 8. Bd3 Nbd7 9. Nf3 Re8 10. 0-0 h6 11. Bf4 a6 12. a3 Nh5 13. Nxd5 Nxf4 14. Nxf4 Bd6 15. Ne2 Nf6 16. h3 Qe7 17. Rfe1 Bd7 18. Nc3 c5 19. dxc5 Bxc5 20. Rac1 Ba7 21. Red1 Bc6 22. Be2 Rac8 23. Qb1 Ne4 24. Nxe4 Bxe4 25. Bd3 Bxf3 26. gxf3 Qg5+ 27. Kh1 Qh4 28. Kg2 Qg5+ 29. Kh1 Qh4 30. Kg2 1/2-1/2